<?xml version='1.0' encoding='UTF-8'?>
  <record xmlns="http://www.loc.gov/MARC21/slim">
    <leader>00000cem a2200000 i 4500</leader>
    <controlfield tag="001">ocm71417848</controlfield>
    <controlfield tag="003">OCoLC</controlfield>
    <controlfield tag="005">20251027145433.6</controlfield>
    <controlfield tag="007">aj aauun</controlfield>
    <controlfield tag="008">880728s1726    ne        u     0   dut d</controlfield>
    <datafield tag="040" ind1=" " ind2=" ">
      <subfield code="a">NLGGC</subfield>
      <subfield code="b">dut</subfield>
      <subfield code="e">fobidrtb</subfield>
      <subfield code="c">NLGGC</subfield>
      <subfield code="d">L2U</subfield>
      <subfield code="d">OCLCO</subfield>
      <subfield code="d">OCLCL</subfield>
      <subfield code="d">OCLCQ</subfield>
    </datafield>
    <datafield tag="029" ind1="0" ind2=" ">
      <subfield code="a">NLGGC</subfield>
      <subfield code="b">04769095X</subfield>
    </datafield>
    <datafield tag="034" ind1="1" ind2=" ">
      <subfield code="a">a</subfield>
      <subfield code="b">9500</subfield>
    </datafield>
    <datafield tag="035" ind1=" " ind2=" ">
      <subfield code="a">(OCoLC)71417848</subfield>
    </datafield>
    <datafield tag="084" ind1=" " ind2=" ">
      <subfield code="a">56.30</subfield>
      <subfield code="2">bcl</subfield>
    </datafield>
    <datafield tag="100" ind1="1" ind2=" ">
      <subfield code="a">Vries, Abel de,</subfield>
      <subfield code="d">1652-1732.</subfield>
      <subfield code="1">https://id.oclc.org/worldcat/entity/E39PCjK9k9drqCHCHDr7tKmcfq</subfield>
    </datafield>
    <datafield tag="245" ind1="1" ind2="0">
      <subfield code="a">Kaerte van de Riviere de Merwede, van boven Hardincxvelt af, tot beneden de Basse kille toe, met eenige concepten van dammen, als A, B, C en D aen oirconde, dese getekent op den 29 Junij 1726 /</subfield>
      <subfield code="c">Abel de Vries gead: Lantmeter.</subfield>
    </datafield>
    <datafield tag="255" ind1=" " ind2=" ">
      <subfield code="a">[ca. 1:9.500].</subfield>
    </datafield>
    <datafield tag="260" ind1=" " ind2=" ">
      <subfield code="a">['s-Gravenhage :</subfield>
      <subfield code="b">Staten van Holland],</subfield>
      <subfield code="c">1726.</subfield>
    </datafield>
    <datafield tag="300" ind1=" " ind2=" ">
      <subfield code="a">1 kaart in 2 bladen. :</subfield>
      <subfield code="b">kopergravure. ;</subfield>
      <subfield code="c">26,5x80 cm.</subfield>
    </datafield>
    <datafield tag="336" ind1=" " ind2=" ">
      <subfield code="a">cartografische afbeelding</subfield>
      <subfield code="b">cri</subfield>
      <subfield code="2">rdacontent/dut</subfield>
    </datafield>
    <datafield tag="337" ind1=" " ind2=" ">
      <subfield code="a">zonder medium</subfield>
      <subfield code="b">n</subfield>
      <subfield code="2">rdamedia/dut</subfield>
    </datafield>
    <datafield tag="338" ind1=" " ind2=" ">
      <subfield code="a">vel</subfield>
      <subfield code="b">nb</subfield>
      <subfield code="2">rdacarrier/dut</subfield>
    </datafield>
    <datafield tag="500" ind1=" " ind2=" ">
      <subfield code="a">Zuid boven.</subfield>
    </datafield>
    <datafield tag="507" ind1=" " ind2=" ">
      <subfield code="a">Schaalstok van 400 Zuythollantse Roeden (= 15,9 cm).</subfield>
    </datafield>
    <datafield tag="510" ind1="0" ind2=" ">
      <subfield code="a">Van den Brink, 'In een opslag van het oog',</subfield>
      <subfield code="c">p. 164, nr. 4</subfield>
    </datafield>
    <datafield tag="580" ind1=" " ind2=" ">
      <subfield code="a">Resolutie van de Staten van Holland, 15 augustus 1726.</subfield>
    </datafield>
    <datafield tag="650" ind1=" " ind2="7">
      <subfield code="a">56.30 hydraulic constructions.</subfield>
      <subfield code="0">(NL-LeOCL)077605969</subfield>
      <subfield code="2">bcl</subfield>
    </datafield>
    <datafield tag="650" ind1="1" ind2="7">
      <subfield code="a">Dammen (waterbouw)</subfield>
      <subfield code="2">gtt</subfield>
      <subfield code="0">(NL-LeOCL)078479851</subfield>
    </datafield>
    <datafield tag="651" ind1=" " ind2="7">
      <subfield code="a">Merwede.</subfield>
      <subfield code="2">gtt</subfield>
      <subfield code="0">(NL-LeOCL)095953698</subfield>
    </datafield>
    <datafield tag="710" ind1="2" ind2=" ">
      <subfield code="a">Staten van Holland (Den Haag)</subfield>
    </datafield>
    <datafield tag="936" ind1=" " ind2=" ">
      <subfield code="a">BATCHLOAD</subfield>
    </datafield>
  </record>